• 首页
  • 本馆介绍
  • 公告通知
  • 最新文献
  • 馆藏检索
  • 电子资源
  • 读者导购
  • 参考咨询
  • 我的图书馆
  • 登录
  • 详细信息显示
  • 放入我的书架
  • 预约/预借图书
  • 作者相关作品
  • 分类相关作品
  • 丛书相关作品
  • 出版社相关作品

书目信息

  • 表格格式
  • 工作单格式
  • 卡片格式
题名:
千古一帝秦始皇
    
 
作者: 水木年华 编著
分册:  
出版信息: 郑州   郑州大学出版社  2018
页数: 253页
开本: 24cm
丛书名: 开国帝王
单 册:
中图分类: K827 , K827.33
科图分类:
主题词:
电子资源:
ISBN: 978-7-5645-5292-3
000 01080nam 2200277 450
001 012001007930
005 20130121162648.0
010    @a978-7-5645-5292-3@dCNY48.00
099    @aCAL 012018120022
100    @a20180928d2018 em y0chiy50 ea
101 0  @achi
102    @aCN@b410000
105    @aa z 000yb
106    @ar
200 1  @a千古一帝秦始皇@Aqian gu yi di qin shi huang@f水木年华编著
210    @a郑州@c郑州大学出版社@d2018
215    @a253页@c图@d24cm
225 2  @a开国帝王@AKai Guo Di Wang
330    @a本书是“开国帝王”丛书中的一卷,比较全面地评述了秦始皇的一生。秦始皇赢政是秦王朝的开国皇帝,是中国历史上第一个使用“皇帝”称号的君主,建立起中国第一个中央集权的强大国家。作为中国的第一个皇帝,本书为您打开千古一帝秦始皇一统经纶的传奇人生,为您进一步了解秦始皇、了解秦史,提供了一个便捷、可信的途径。
410  0 @12001 @a开国帝王
600  0 @a秦始皇,@AQin Shi Huang@f前259-前210@x评传
690    @aK827@v5
690    @aK827.33@v5
701  0 @a水木年华@AShui Mu Nian Hua@4编著
801  0 @aCN@b上海新华@c20191020
905    @b1134263-6@dK827@e891@f4
    
    千古一帝秦始皇/水木年华编著.-郑州:郑州大学出版社,2018
    253页:图;24cm.-(开国帝王)
    
    
    ISBN 978-7-5645-5292-3:CNY48.00
    本书是“开国帝王”丛书中的一卷,比较全面地评述了秦始皇的一生。秦始皇赢政是秦王朝的开国皇帝,是中国历史上第一个使用“皇帝”称号的君主,建立起中国第一个中央集权的强大国家。作为中国的第一个皇帝,本书为您打开千古一帝秦始皇一统经纶的传奇人生,为您进一步了解秦始皇、了解秦史,提供了一个便捷、可信的途径。
●
相关链接 在E读中查询图书 在五车中查询图书 在当当中查询图书 在豆瓣中查询图书


正题名:千古一帝秦始皇     索取号:K827/891         预约/预借

序号 登录号 条形码 馆藏地/架位号 状态 备注
1 1134263   211342634   第二样本阅览室/ [索取号:K827/891] 在馆    
2 1134264   211342643   第二借阅区/ [索取号:K827/891] 在馆    
3 1134265   211342652   第二借阅区/ [索取号:K827/891] 在馆    
4 1134266   211342661   第二借阅区/ [索取号:K827/891] 在馆    
唐山师范学院图书馆 欢迎您!
大连网信软件有限公司© 版权所有